| 000 | 00605nam a22001697a 4500 | ||
|---|---|---|---|
| 999 |
_c15026 _d15026 |
||
| 003 | OSt | ||
| 082 | _2631.3 PRE/DE | ||
| 088 | _aT 57 | ||
| 100 |
_aPREMAN P.S _92322 |
||
| 245 | _aDevelopment and testing of a large diameter pit digger for laterite terrain | ||
| 260 |
_aTavanur 1996 _bKelappaji College of Agricultural Engineering and Technology |
||
| 300 | _a92 | ||
| 500 | _aDevelopment and testing of a large diameter pit digger for laterite terrain | ||
| 520 | _aDevelopment and testing of a large diameter pit digger for laterite terrain | ||
| 700 |
_aEr. Jippu Jacob (Guide) _92268 |
||
| 942 | _cTH | ||